| 000 | 00400nam a22001337a 4500 | ||
|---|---|---|---|
| 008 | 150218b xxu||||| |||| 00| 0 eng d | ||
| 050 | _aBX2350.2.M644 | ||
| 100 |
_aMilingo, E. _915367 |
||
| 245 |
_aMy Prayers are not heard _cE. Milingo |
||
| 260 |
_aAustralia _bScipture Keys Ministry _c1990 |
||
| 300 |
_a86p. ; _c22cm. |
||
| 650 |
_aCatholic life _xcatholic authors _915368 |
||
| 942 |
_2lcc _cMONOGRAPH |
||
| 999 |
_c122123 _d122123 |
||